[Event "Stonehenge"]
[Site "SchemingMind.com"]
[Date "2022.12.15"]
[Round "-"]
[White "Robert Bruce"]
[Black "William Lindberg"]
[Result "1/2-1/2"]
[WhiteCountry "SCO"]
[BlackCountry "USA"]
[WhiteElo "2372"]
[WhiteRD "70"]
[BlackElo "2432"]
[BlackRD "68"]
[GameID "729322"]

1. f4 Nf6 2. Nf3 e6 3. b3 Be7 4. Bb2 O-O 5. e3 c5 6. Be2 b6 7. O-O Bb7 8. c4 d5 9. Ne5 Nbd7 10. a4 a6
11. d4 cxd4 12. exd4 Ne4 13. Nc3 f5 14. Nxe4 dxe4 15. Qd2 Nxe5 16. fxe5 Qe8 17. Qe3 Rd8 18. Rad1 h6 19. Qh3 Kh7 20. Kh1 Qc6
21. Bc1 g5 22. Bb2 Qd7 23. Bc1 b5 24. Bb2 bxa4 25. bxa4 Qxa4 26. Rb1 Rb8 27. d5 Ba8 28. Qe3 exd5 29. Bc3 Qc6 30. Rxb8 Rxb8
31. Qa7 Qb7 32. Qxb7 Bxb7 33. Rb1 a5 34. Rb5 dxc4 35. Bxa5 Kg8 36. Bxc4+ Kf8 37. g4 e3+ 38. Kg1 Rc8 39. Rxb7 Rxc4 40. gxf5 Rc5
41. f6 Rxa5 42. fxe7+ Ke8 43. Kf1 Ra2 44. Rb8+ Kxe7 45. Rb7+ Ke6 46. Rb6+ Kxe5 47. Rxh6 Rf2+ 48. Ke1 g4 49. Rh5+ Ke4 50. Rh7 Kf3
51. Rh5 Re2+ 52. Kf1 Rf2+ 53. Ke1 Rb2 54. Rf5+=
1/2-1/2

[Event "Stonehenge"]
[Site "SchemingMind.com"]
[Date "2022.12.15"]
[Round "-"]
[White "William Lindberg"]
[Black "Robert Bruce"]
[Result "0-1"]
[WhiteCountry "USA"]
[BlackCountry "SCO"]
[WhiteElo "2432"]
[WhiteRD "68"]
[BlackElo "2372"]
[BlackRD "70"]
[GameID "729323"]

1. e4 c5 2. Nf3 d6 3. Nc3 Nf6 4. d4 cxd4 5. Qxd4 Bd7 6. Bg5 Nc6 7. Qd2 Qa5 8. O-O-O h6 9. Bxf6 gxf6 10. Kb1 f5
11. e5 O-O-O 12. exd6 e5 13. Bc4 Be6 14. d7+ Kb8 15. Qe2 Bg7 16. Qd3 Rxd7 17. Qe2 e4 18. Nd2 Bxc3 19. Nb3 Rxd1+ 20. Rxd1 Qe5
21. bxc3 Qxc3 22. Bxe6 fxe6 23. f3 Ne5 24. Qd2 Qxd2 25. Nxd2 e3 26. Nb3 f4 27. Nd4 Rg8 28. Nxe6 e2 29. Re1 Rxg2 30. Nxf4 Rxh2
31. Rxe2 Rxe2 32. Nxe2 Nxf3 33. Kb2 h5 34. Kb3 Kc7 35. Kc4 h4 36. Kc3 Kc6 37. Kd3 Kb5 38. Ke3 Ne1 39. Kd2 Nf3+ 40. Ke3 Ne1
41. Kd2 Ng2 42. Ng1 Kb4 43. Nh3 a5 44. Kc1 Ka3 45. Kb1 Ne3 46. Ng5 b5 47. c3 Nd5 48. Kc2 Nxc3 49. Kxc3 b4+
0-1

[Event "Stonehenge"]
[Site "SchemingMind.com"]
[Date "2022.12.16"]
[Round "-"]
[White "Robert Bruce"]
[Black "Matthew Bailey"]
[Result "0-1"]
[WhiteCountry "SCO"]
[BlackCountry "ENG"]
[WhiteElo "2322"]
[WhiteRD "69"]
[BlackElo "2617"]
[BlackRD "70"]
[GameID "729332"]

1. f4 d5 2. Nf3 c5 3. e3 Nf6 4. d4 Nc6 5. Be2 Bf5 6. c3 e6 7. O-O h6 8. Ne5 Bd6 9. Bd3 O-O 10. Qe2 Rc8
11. a4 c4 12. Bxf5 exf5 13. Nd2 Na5 14. g4 fxg4 15. Nxg4 Re8 16. Rb1 Nb3 17. Nxb3 cxb3 18. Rf2 Ne4 19. Rg2 Kh8 20. Bd2 Qd7
21. a5 Rc4 22. Be1 Qf5 23. Ra1 Re6 24. Bg3 Rg6 25. Nf2 Nxf2 26. Bxf2 Rxg2+ 27. Kxg2 Rc6 28. Re1 Ba3 29. Bg3 h5 30. h4 a6
31. Kh2 Be7 32. Qf3 Kg8 33. e4 dxe4 34. Rxe4 Re6 35. Rxe6 fxe6 36. Qxb7 Qc2+ 37. Kh3 Qxb2 38. Qxe7 Qe2 39. f5 Qg4+ 40. Kh2 b2
41. f6 Qe2+
0-1

[Event "Stonehenge"]
[Site "SchemingMind.com"]
[Date "2022.12.16"]
[Round "-"]
[White "Matthew Bailey"]
[Black "Robert Bruce"]
[Result "1-0"]
[WhiteCountry "ENG"]
[BlackCountry "SCO"]
[WhiteElo "2617"]
[WhiteRD "70"]
[BlackElo "2322"]
[BlackRD "69"]
[GameID "729333"]

1. d4 Nf6 2. c4 c5 3. d5 e6 4. Nc3 exd5 5. cxd5 d6 6. Nf3 g6 7. Nd2 Bg7 8. Nc4 O-O 9. Bf4 b6 10. Bxd6 Re8
11. e3 Ne4 12. Nxe4 Rxe4 13. Bg3 b5 14. Nd6 Rb4 15. Be2 Rxb2 16. O-O c4 17. a4 Nd7 18. axb5 c3 19. e4 Rd2 20. Qe1 Ne5
21. Bxe5 Bxe5 22. Nc4 Qg5 23. Ra3 Bh3 24. Bf3 Bg7 25. Qe3 Qxe3 26. fxe3 Bd7 27. Nxd2 Bxb5 28. Nb3 Bxf1 29. Kxf1 c2 30. Ra2 Rb8
31. Rxc2 Rxb3 32. Rc8+ Bf8 33. d6 Kg7 34. d7 Be7 35. d8=Q Bxd8 36. Rxd8 a5 37. Ra8 Rxe3 38. Rxa5 Rc3 39. Kf2 Rc7 40. h4 Rd7
41. g4 Re7 42. Ke3 Rd7 43. e5 Re7 44. g5
1-0

[Event "Stonehenge"]
[Site "SchemingMind.com"]
[Date "2022.12.15"]
[Round "-"]
[White "William Lindberg"]
[Black "Matthew Bailey"]
[Result "1/2-1/2"]
[WhiteCountry "USA"]
[BlackCountry "ENG"]
[WhiteElo "2432"]
[WhiteRD "68"]
[BlackElo "2584"]
[BlackRD "73"]
[GameID "729334"]

1. e4 e5 2. Nf3 Nf6 3. Nxe5 Nxe4 4. Qe2 Qe7 5. Qxe4 d6 6. d4 dxe5 7. dxe5 Nc6 8. Bb5 Bd7 9. Nc3 O-O-O 10. Bf4 Qb4
11. O-O-O Qxe4 12. Nxe4 Nxe5 13. Bxd7+ Nxd7 14. Ng5 Be7 15. Nxf7 Rdf8 16. Nxh8 Rxf4 17. Rhe1 Kd8 18. Re6 Rf8 19. Ng6 hxg6 20. Rxg6 Bf6
21. c3 a5 22. Rg3 c6 23. Rgd3 Rf7 24. Kc2 Kc7 25. Re1 b5 26. Rf3 Rf8 27. g3 Rh8 28. h4 Rh5 29. a3 a4 30. Rd3 Nb6
31. f4 Nc4 32. Re4 Kb6 33. Re6 Kc7 34. Rd1 Rh6 35. Rd3 Na5 36. Re2 Nc4 37. Re6 Rh5=
1/2-1/2

[Event "Stonehenge"]
[Site "SchemingMind.com"]
[Date "2022.12.16"]
[Round "-"]
[White "Matthew Bailey"]
[Black "William Lindberg"]
[Result "1-0"]
[WhiteCountry "ENG"]
[BlackCountry "USA"]
[WhiteElo "2584"]
[WhiteRD "73"]
[BlackElo "2432"]
[BlackRD "68"]
[GameID "729335"]

1. d4 Nf6 2. c4 e6 3. Nc3 Bb4 4. Qc2 d6 5. a3 Bxc3+ 6. Qxc3 O-O 7. Nf3 Re8 8. b4 Nbd7 9. e3 e5 10. dxe5 Nxe5
11. Nxe5 Rxe5 12. Bb2 Qe7 13. Qc1 Rh5 14. f3 Bd7 15. Bd3 c5 16. Kf2 d5 17. cxd5 Rxd5 18. Rd1 Rh5 19. h3 Ba4 20. Rd2 Re8
21. e4 b6 22. Bf1 Rg5 23. Qc4 b5 24. Qd3 c4 25. Qd6 Kf8 26. Qxe7+ Rxe7 27. h4 Rg6 28. g3 Ne8 29. Bh3 Rc6 30. Bc3 f6
31. h5 Kf7 32. Rd5 Nc7 33. Rd8 Bc2 34. h6 Ne6 35. Bxe6+ Rcxe6 36. hxg7 Kxg7 37. Ra2 Bb3 38. Rad2 Rb7 39. g4 h6 40. Kg3 Kg6
41. Kh4 Ba4 42. R2d7 Rxd7 43. Rxd7 Bc2 44. Rxa7 Bd3 45. a4 bxa4 46. b5 a3 47. Ra6 Kf7 48. b6 Re8 49. Rxa3 Rb8 50. Ra7+ Ke8
51. b7 Kd7 52. Bxf6 Kc6 53. Kh5 Be2 54. f4 c3 55. Bxc3 Bf3 56. f5 Kd6 57. e5+ Kc5 58. e6 Kd6 59. Ra6+ Kc5 60. f6 Rxb7
61. f7 Rb8 62. e7 Bc6 63. Rxc6+ Kxc6 64. e8=Q+
1-0

[Event "Stonehenge"]
[Site "SchemingMind.com"]
[Date "2022.12.16"]
[Round "-"]
[White "Robert Bruce"]
[Black "Arnold Jones"]
[Result "1-0"]
[WhiteCountry "SCO"]
[BlackCountry "ENG"]
[WhiteElo "2372"]
[WhiteRD "70"]
[BlackElo "1540"]
[BlackRD "63"]
[GameID "729337"]

1. e4 c5 2. Nf3 e6 3. d3 Nc6 4. g3 Nf6 5. Bg2 d5 6. Qe2 dxe4 7. dxe4 e5 8. c3 Be7 9. Na3 Bg4 10. Nc4 b5
11. Ne3 c4 12. Nxg4 Nxg4 13. O-O O-O 14. Nh4 h5 15. Nf5 Bc5 16. Bf3 Bxf2+ 17. Kg2 g6 18. Bxg4 hxg4 19. Nh6+ Kh7 20. Qxg4 f5
21. exf5 Qd5+ 22. Kxf2 Rf6 23. Qh4 Kg7 24. Kg1 Raf8 25. Ng4 Rxf5 26. Bh6+ Kf7 27. Rxf5+ Ke6 28. Rxf8 Qc5+ 29. Ne3 Qe7 30. Qg4+ Kd6
31. Rd1+ Kc7 32. Nd5+
1-0

[Event "Stonehenge"]
[Site "SchemingMind.com"]
[Date "2022.12.15"]
[Round "-"]
[White "Arnold Jones"]
[Black "Robert Bruce"]
[Result "0-1"]
[WhiteCountry "ENG"]
[BlackCountry "SCO"]
[WhiteElo "1540"]
[WhiteRD "63"]
[BlackElo "2372"]
[BlackRD "70"]
[GameID "729338"]

1. d4 f5 2. c4 Nf6 3. Nc3 d6 4. f4 Nbd7 5. b4 a5 6. Qa4 e5 7. fxe5 dxe5 8. dxe5 Bxb4 9. Bb2 Ne4 10. Rc1 Qh4+
11. g3 Qh6 12. Nf3 O-O 13. Rc2 Ndc5 14. Bc1 Qxc1+ 15. Rxc1 Nxa4 16. Nd2 Naxc3 17. Rc2 Nb1 18. Kd1 Nf2+ 19. Kc1 Nxd2 20. Rg1 Rd8
21. Bg2 Ba3+ 22. Rb2 Nxc4
0-1

[Event "Stonehenge"]
[Site "SchemingMind.com"]
[Date "2022.12.15"]
[Round "-"]
[White "William Lindberg"]
[Black "Arnold Jones"]
[Result "1-0"]
[WhiteCountry "USA"]
[BlackCountry "ENG"]
[WhiteElo "2467"]
[WhiteRD "71"]
[BlackElo "1510"]
[BlackRD "66"]
[GameID "729339"]

1. c4 g6 2. d4 b6 3. Nc3 Bb7 4. e4 Bg7 5. Nf3 e6 6. Bd3 c5 7. Nb5 d6 8. e5 Bf8 9. Bg5 Qd7 10. d5 exd5
11. Qe2 Qe6 12. Nc7+ Kd7 13. Nxe6 fxe6 14. exd6 Bxd6 15. Ne5+ Ke8 16. Qg4 Bc8 17. Qf4 Bxe5 18. Qxe5 Nc6 19. Qxh8 Kf8 20. Bh6+
1-0

[Event "Stonehenge"]
[Site "SchemingMind.com"]
[Date "2022.12.15"]
[Round "-"]
[White "Arnold Jones"]
[Black "William Lindberg"]
[Result "0-1"]
[WhiteCountry "ENG"]
[BlackCountry "USA"]
[WhiteElo "1540"]
[WhiteRD "63"]
[BlackElo "2432"]
[BlackRD "68"]
[GameID "729340"]

1. e4 c5 2. Nc3 Nc6 3. Bc4 e6 4. Nf3 Nf6 5. d4 Nxe4 6. Nxe4 d5 7. dxc5 dxe4 8. Qxd8+ Nxd8 9. Bb5+ Nc6 10. Ne5 Bxc5
11. O-O Bd7 12. Bxc6 Bxc6 13. Nxc6 bxc6 14. Be3 Bxe3 15. fxe3 Ke7 16. g4 g5 17. Kg2 h5 18. gxh5 Rxh5 19. h3 Rah8 20. Rh1 f5
21. Kg3 Rh4 22. Rh2 f4+ 23. exf4 gxf4+ 24. Kg2 Kf6 25. Rf1 Ke5 26. c3 f3+ 27. Kg3 Rf4 28. Re1 f2 29. Rxf2 Rg8+ 30. Kh2 Rxf2+
31. Kh1 Kf4
0-1

[Event "Stonehenge"]
[Site "SchemingMind.com"]
[Date "2022.12.16"]
[Round "-"]
[White "Matthew Bailey"]
[Black "Arnold Jones"]
[Result "1-0"]
[WhiteCountry "ENG"]
[BlackCountry "ENG"]
[WhiteElo "2586"]
[WhiteRD "75"]
[BlackElo "1510"]
[BlackRD "66"]
[GameID "729341"]

1. d4 f5 2. Bg5 h6 3. Bh4 g5 4. e3 Nf6 5. Bg3 e6 6. h4 h5 7. hxg5 Ng4 8. Bh4 Be7 9. Nf3 d6 10. Nc3 Bd7
11. Qd2 e5 12. dxe5 dxe5 13. Bc4 Bd6 14. g6 Qc8 15. g7 Be6 16. gxh8=Q+ Bf8 17. Qxh5+
1-0

[Event "Stonehenge"]
[Site "SchemingMind.com"]
[Date "2022.12.15"]
[Round "-"]
[White "Arnold Jones"]
[Black "Matthew Bailey"]
[Result "0-1"]
[WhiteCountry "ENG"]
[BlackCountry "ENG"]
[WhiteElo "1510"]
[WhiteRD "66"]
[BlackElo "2586"]
[BlackRD "75"]
[GameID "729342"]

1. e4 e5 2. Nf3 Nf6 3. Nc3 Nc6 4. d4 exd4 5. Nxd4 Bb4 6. Nxc6 bxc6 7. e5 Qe7 8. Bd2 Qxe5+ 9. Qe2 Qxe2+ 10. Bxe2 d5
11. Bf3 Bg4 12. Bxg4 Nxg4 13. f3 Ne5 14. Bf4 O-O 15. O-O-O Rfe8 16. Bxe5 Rxe5 17. Rd3 Rae8 18. Rhd1 Bd6 19. g4 h5 20. h4 g5
21. Rh1 Re1+ 22. Rxe1 Rxe1+ 23. Nd1 Bf4+ 24. Kb1 gxh4 25. c4 h3 26. cxd5 h2 27. dxc6 h1=Q 28. Kc2 hxg4 29. fxg4 Qxc6+ 30. Nc3 Qg2+
31. Kb3 Qb7+ 32. Ka4 Qxb2
0-1

[Event "Stonehenge"]
[Site "SchemingMind.com"]
[Date "2022.12.17"]
[Round "-"]
[White "William Lindberg"]
[Black "MrTowPath"]
[Result "1-0"]
[WhiteCountry "USA"]
[BlackCountry "ENG"]
[WhiteElo "2398"]
[WhiteRD "65"]
[BlackElo "1478"]
[BlackRD "132"]
[GameID "729402"]

1. c4 Nf6 2. d4 e6 3. g3 d5 4. Bg2 c6 5. Nf3 Nbd7 6. O-O Be7 7. Nbd2 O-O 8. Qc2 b6 9. e4 Bb7 10. e5 Ne8
11. cxd5
1-0

[Event "Stonehenge"]
[Site "SchemingMind.com"]
[Date "2022.12.17"]
[Round "-"]
[White "MrTowPath"]
[Black "William Lindberg"]
[Result "0-1"]
[WhiteCountry "ENG"]
[BlackCountry "USA"]
[WhiteElo "1478"]
[WhiteRD "132"]
[BlackElo "2398"]
[BlackRD "65"]
[GameID "729403"]

1. d4 Nf6 2. Nf3 d5 3. g3 e6 4. Bg2 b5 5. O-O Bb7 6. Nbd2 Nbd7 7. c3 Be7 8. a4 b4 9. a5 Rb8 10. Nb3 bxc3
11. bxc3 O-O
0-1

[Event "Stonehenge"]
[Site "SchemingMind.com"]
[Date "2022.12.16"]
[Round "-"]
[White "MrTowPath"]
[Black "Arnold Jones"]
[Result "0-1"]
[WhiteCountry "ENG"]
[BlackCountry "ENG"]
[WhiteElo "1417"]
[WhiteRD "122"]
[BlackElo "1604"]
[BlackRD "57"]
[GameID "729406"]

1. e4 c5 2. d3 e6 3. Nf3 Nc6 4. g3 Qc7 5. Bg2 Nf6 6. O-O Be7 7. b3 d5 8. exd5 Nxd5 9. Bb2 e5 10. Nxe5 Nxe5
11. Bxd5 Be6 12. Bxb7 Qxb7 13. Bxe5 O-O 14. Nd2 f6 15. Bb2 Bd5 16. f4 c4 17. Nxc4 Bg2 18. Rf2 Bh1 19. h3 Bd5 20. Qd2 Bxc4
21. dxc4 Bc5
0-1

[Event "Stonehenge"]
[Site "SchemingMind.com"]
[Date "2022.12.16"]
[Round "-"]
[White "Arnold Jones"]
[Black "MrTowPath"]
[Result "1-0"]
[WhiteCountry "ENG"]
[BlackCountry "ENG"]
[WhiteElo "1604"]
[WhiteRD "57"]
[BlackElo "1417"]
[BlackRD "122"]
[GameID "729407"]

1. d4 Nf6 2. Nf3 e6 3. c4 Bb4+ 4. Nc3 O-O 5. Qc2 d5 6. Ne5 Nbd7 7. Nd3 Be7 8. c5 c6 9. e3 Qc7 10. Bd2 e5
11. Ne2 exd4 12. exd4 b6 13. Bf4 Qb7 14. Nc3 bxc5 15. dxc5 Nxc5 16. Nxc5 Bxc5 17. O-O-O Qb4 18. Be5 Bg4 19. a3
1-0

[Event "Stonehenge"]
[Site "SchemingMind.com"]
[Date "2022.12.20"]
[Round "-"]
[White "Robert Bruce"]
[Black "Randy Bahr"]
[Result "1-0"]
[WhiteCountry "SCO"]
[BlackCountry "USA"]
[WhiteElo "2372"]
[WhiteRD "70"]
[BlackElo "1876"]
[BlackRD "76"]
[GameID "729487"]

1. e4 c6 2. d3 d5 3. Nd2 e5 4. Ngf3 Bd6 5. g3 f5 6. Bg2 Nf6 7. Qe2 O-O 8. O-O f4 9. d4 dxe4 10. dxe5 exf3
11. Nxf3 Re8 12. Rd1 fxg3 13. hxg3 Bg4 14. Qc4+ Be6 15. Qh4 Nbd7 16. Rxd6 Nd5 17. Ng5 Bf5 18. Bh3 h6 19. Bxf5 Rxe5 20. Rxd7 Re1+
21. Kg2 Qf6 22. Qg4 Rae8 23. Nh7 Qe5 24. Bxh6 Ne3+ 25. Bxe3
1-0

[Event "Stonehenge"]
[Site "SchemingMind.com"]
[Date "2022.12.20"]
[Round "-"]
[White "Randy Bahr"]
[Black "Robert Bruce"]
[Result "0-1"]
[WhiteCountry "USA"]
[BlackCountry "SCO"]
[WhiteElo "1876"]
[WhiteRD "76"]
[BlackElo "2372"]
[BlackRD "70"]
[GameID "729488"]

1. d4 d5 2. c4 e5 3. dxe5 d4 4. Nf3 Nc6 5. g3 Nge7 6. Nbd2 Ng6 7. Bg2 Ngxe5 8. O-O Nxf3+ 9. Nxf3 Bc5 10. Qd3 O-O
11. a3 a5 12. Rd1 h6 13. h3 Be6 14. e3 dxe3 15. fxe3 Qxd3 16. Rxd3 Rad8 17. Bf1 Rxd3 18. Bxd3 Bxh3 19. Rb1 Re8 20. Kf2 Bg4
21. Nh2 Be6 22. Bd2 Rd8 23. Ke2 Ne5 24. b4 Bf8 25. Rb3 Nxd3
0-1

[Event "Stonehenge"]
[Site "SchemingMind.com"]
[Date "2022.12.23"]
[Round "-"]
[White "William Lindberg"]
[Black "Randy Bahr"]
[Result "1-0"]
[WhiteCountry "USA"]
[BlackCountry "USA"]
[WhiteElo "2432"]
[WhiteRD "68"]
[BlackElo "1876"]
[BlackRD "76"]
[GameID "729489"]

1. e4 c6 2. d4 d5 3. Nc3 dxe4 4. Nxe4 Nd7 5. Nf3 Ngf6 6. Nxf6+ Nxf6 7. h3 Bf5 8. Bd3 Bg6 9. Bxg6 hxg6 10. Qe2 e6
11. O-O Be7 12. c4 Nd7 13. Bf4 O-O 14. Rab1 c5 15. Rfd1 g5 16. Bg3 Qe8 17. d5 exd5 18. Rxd5 b6 19. Re1 Bf6 20. Qd3 Ne5
21. Bxe5 Qc6 22. Bxf6 gxf6 23. Nxg5
1-0

[Event "Stonehenge"]
[Site "SchemingMind.com"]
[Date "2022.12.21"]
[Round "-"]
[White "Randy Bahr"]
[Black "William Lindberg"]
[Result "0-1"]
[WhiteCountry "USA"]
[BlackCountry "USA"]
[WhiteElo "1876"]
[WhiteRD "76"]
[BlackElo "2432"]
[BlackRD "68"]
[GameID "729490"]

1. d4 Nf6 2. c4 d5 3. cxd5 e6 4. Nc3 exd5 5. Bg5 Be7 6. e3 O-O 7. Nf3 c6 8. Qc2 Bg4 9. Ne5 Be6 10. Bd3 h6
11. Bh4 Nfd7 12. Bxe7 Qxe7 13. f4 Nxe5 14. fxe5 f6 15. exf6 Rxf6 16. O-O-O Nd7 17. Rdf1 Re8 18. a3 Bf7 19. e4 Rxf1+ 20. Rxf1 Bg6
21. e5 Qg5+ 22. Kb1 Bxd3 23. Qxd3 Qxg2 24. Qf3 Qxf3 25. Rxf3 Rf8 26. Re3 Nb6 27. b3 Nc8 28. Kc2 Ne7 29. Kd3 Rf2 30. Re2 Rf1
31. Rg2 Rf3+ 32. Kc2 Nf5 33. Rd2 Rf4 34. Ne2 Rf2 35. h3 Rxe2 36. Rxe2 Nxd4+ 37. Kd3 Nxe2 38. Kxe2 Kf7
0-1

[Event "Stonehenge"]
[Site "SchemingMind.com"]
[Date "2022.12.20"]
[Round "-"]
[White "Matthew Bailey"]
[Black "Randy Bahr"]
[Result "1-0"]
[WhiteCountry "ENG"]
[BlackCountry "USA"]
[WhiteElo "2586"]
[WhiteRD "75"]
[BlackElo "1893"]
[BlackRD "75"]
[GameID "729493"]

1. c4 e5 2. Nc3 Bb4 3. e4 Bxc3 4. bxc3 Nc6 5. Nf3 d6 6. d4 Nf6 7. Bd3 exd4 8. cxd4 Bg4 9. Bb2 O-O 10. O-O Ne7
11. e5 dxe5 12. dxe5 Nd7 13. Bxh7+ Kh8 14. Bc2 Ng6 15. h3 Bxf3 16. Qxf3 Qg5 17. e6 fxe6 18. Qd3 Qxg2+ 19. Kxg2 Nf4+ 20. Kg1 Nxd3
21. Bxd3 Nf6 22. Rad1 c5 23. Rfe1 Rad8 24. Rxe6 Rd7 25. Bc2 Rxd1+ 26. Bxd1 Kg8 27. Re7 Rf7 28. Bxf6 gxf6 29. Rxf7 Kxf7 30. h4
1-0

[Event "Stonehenge"]
[Site "SchemingMind.com"]
[Date "2022.12.20"]
[Round "-"]
[White "Randy Bahr"]
[Black "Matthew Bailey"]
[Result "0-1"]
[WhiteCountry "USA"]
[BlackCountry "ENG"]
[WhiteElo "1893"]
[WhiteRD "75"]
[BlackElo "2586"]
[BlackRD "75"]
[GameID "729494"]

1. d4 Nf6 2. c4 e6 3. Nc3 Bb4 4. Qc2 O-O 5. Nf3 d5 6. a3 Bxc3+ 7. Qxc3 dxc4 8. Qxc4 b6 9. Bg5 Ba6 10. Qa4 Qd7
11. Qc2 c5 12. Bxf6 gxf6 13. Rd1 cxd4 14. e3 Rc8 15. Qd2 Bxf1 16. Rxf1 e5 17. exd4 Qa4 18. dxe5 Nc6 19. Ke2 Nxe5 20. Nxe5 Rc2
21. Nd3 Qe4#
0-1

[Event "Stonehenge"]
[Site "SchemingMind.com"]
[Date "2022.12.20"]
[Round "-"]
[White "Arnold Jones"]
[Black "Randy Bahr"]
[Result "0-1"]
[WhiteCountry "ENG"]
[BlackCountry "USA"]
[WhiteElo "1510"]
[WhiteRD "66"]
[BlackElo "1893"]
[BlackRD "75"]
[GameID "729495"]

1. d4 f5 2. Nf3 Nf6 3. c4 g6 4. Nc3 Bg7 5. e3 O-O 6. Bd3 d6 7. O-O Qe8 8. Qb3 e5 9. c5+ Kh8 10. dxe5 dxe5
11. Bc4 Nc6 12. Nb5 Qe7 13. Qa3 Nd8 14. b4 b6 15. Nxa7 Bb7 16. b5 bxc5 17. Qa4 Nd5 18. Qa5 e4 19. Bxd5 Bxd5 20. Rb1 exf3
21. g3 Be4 22. Rb3 Ne6 23. Ra3 Rfd8 24. h3 h5 25. h4 Be5 26. Qa4 Qd6 27. Kh2 g5 28. b6 gxh4 29. Kh3 Ng5+ 30. Kxh4 Qf6
31. Kxh5 Kh7
0-1

[Event "Stonehenge"]
[Site "SchemingMind.com"]
[Date "2022.12.20"]
[Round "-"]
[White "Randy Bahr"]
[Black "Arnold Jones"]
[Result "1-0"]
[WhiteCountry "USA"]
[BlackCountry "ENG"]
[WhiteElo "1893"]
[WhiteRD "75"]
[BlackElo "1510"]
[BlackRD "66"]
[GameID "729496"]

1. d4 Nf6 2. c4 e6 3. Nc3 Bb4 4. Qc2 Nc6 5. Nf3 Ba5 6. a3 Ne4 7. Qxe4 f5 8. Qc2 h6 9. e4 Ne7 10. b4 fxe4
11. Nxe4 d5 12. Nc5 Nf5 13. bxa5 b6 14. Nb3 Bd7 15. Bd3 Ba4 16. O-O O-O 17. cxd5 Qxd5 18. Bc4 Qd7 19. Re1 Nxd4 20. Nfxd4 Qxd4
21. Bxe6+ Kh8 22. Nxd4 Bxc2 23. Nxc2
1-0

[Event "Stonehenge"]
[Site "SchemingMind.com"]
[Date "2022.12.23"]
[Round "-"]
[White "Robert Bruce"]
[Black "Laci"]
[Result "1/2-1/2"]
[WhiteCountry "SCO"]
[BlackCountry "HUN"]
[WhiteElo "2322"]
[WhiteRD "69"]
[BlackElo "2318"]
[BlackRD "116"]
[GameID "729554"]

1. f4 d5 2. Nf3 Bg4 3. e3 Nf6 4. h3 Bxf3 5. Qxf3 e6 6. b3 Bd6 7. Nc3 a6 8. g4 Qe7 9. Bg2 Nc6 10. Bb2 Ba3
11. O-O-O a5= 12. g5 Nd7 13. Nb5 Bxb2+ 14. Kxb2 O-O=
1/2-1/2

[Event "Stonehenge"]
[Site "SchemingMind.com"]
[Date "2022.12.22"]
[Round "-"]
[White "Laci"]
[Black "Robert Bruce"]
[Result "1-0"]
[WhiteCountry "HUN"]
[BlackCountry "SCO"]
[WhiteElo "2318"]
[WhiteRD "116"]
[BlackElo "2322"]
[BlackRD "69"]
[GameID "729555"]

1. e4 c5 2. Nf3 d6 3. d4 cxd4 4. Nxd4 Nf6 5. Nc3 a6 6. Bg5 Nbd7 7. f4 Qc7 8. Qf3 b5 9. a3 Bb7 10. g4 e6
11. Bxf6 gxf6 12. O-O-O h5 13. Qh3 Qb6 14. Kb1 Rb8 15. g5 fxg5 16. fxg5 Ne5 17. Rg1 Ng6 18. Bd3 b4 19. Na4 Qa5 20. e5 Nxe5
21. g6 Bd5 22. gxf7+ Kd7 23. Bb5+ axb5 24. Nc5+ Kc7 25. Ndxe6+ Bxe6 26. Nxe6+ Kb7 27. Rg5 bxa3 28. Rxe5 dxe5 29. Rd7+ Kb6 30. Qe3+ Kc6
31. Rc7+
1-0

[Event "Stonehenge"]
[Site "SchemingMind.com"]
[Date "2022.12.23"]
[Round "-"]
[White "William Lindberg"]
[Black "Laci"]
[Result "1/2-1/2"]
[WhiteCountry "USA"]
[BlackCountry "HUN"]
[WhiteElo "2398"]
[WhiteRD "65"]
[BlackElo "2318"]
[BlackRD "116"]
[GameID "729556"]

1. c4 c6 2. Nf3 Nf6 3. e3 d5 4. d4 Bf5 5. Nc3 e6 6. Nh4 Bg6 7. Bd2 Be7 8. Nxg6 hxg6 9. c5 Nbd7 10. b4 e5
11. g3 O-O 12. Bg2 Re8 13. O-O Nh7 14. Rb1 Bf6 15. Ne2 a6 16. a4 Ndf8 17. dxe5 Bxe5 18. Qc2 Nf6= 19. Rb3 Qd7 20. Rd3 Qf5
21. f4 Bc7 22. Nd4 Qc8 23. a5 Ne4= 24. Bc1 Bd8 25. Qd1 Bf6 26. Bb2 Re7 27. Ba1 Qd7 28. Ra3 Rae8 29. Rb3 Nh7 30. g4 Nf8
31. g5 Bxd4 32. exd4 f5 33. h4 Ne6 34. Bb2 Nc7 35. Rh3 Kf7 36. h5 Rg8 37. hxg6+ Ke8 38. Qd3 Kd8 39. Bf3 Kc8 40. Kg2 Ne6
41. Bc1 Nf8 42. Bh5 Qe6 43. Bf3 Nxg6 44. Rfh1 Kb8 45. Qc2 Qc8 46. Bh5 Qe6 47. Bd1 Ka7 48. Qd3 Qc8 49. Qf3 Nf8=
1/2-1/2

[Event "Stonehenge"]
[Site "SchemingMind.com"]
[Date "2022.12.23"]
[Round "-"]
[White "Laci"]
[Black "William Lindberg"]
[Result "1/2-1/2"]
[WhiteCountry "HUN"]
[BlackCountry "USA"]
[WhiteElo "2318"]
[WhiteRD "116"]
[BlackElo "2398"]
[BlackRD "65"]
[GameID "729557"]

1. e4 e5 2. Nc3 Nc6 3. Bc4 Nf6 4. f4 Nxe4 5. Nf3 Nxc3 6. dxc3 Qe7 7. Qe2 exf4 8. Bxf4 Qxe2+ 9. Bxe2 d6 10. O-O-O Be7
11. Rhe1 O-O 12. Nd4 Re8 13. Nxc6 bxc6 14. c4 Bd7 15. Bd2 Bh4 16. g3 Bf6 17. Bf3 Bd4 18. c3 Bb6 19. b4 a5 20. Rxe8+ Bxe8
21. Kb2 f6 22. h4 Rb8 23. Kb3= c5 24. b5 Bf7 25. a4 Re8 26. g4 h6 27. g5 fxg5 28. hxg5 h5 29. Rh1 g6 30. Rf1 Be6
31. Bc6 Re7 32. Rf6 Bf7 33. Rf1 Be6 34. Rf6= Kg7 35. Be1 Bg8 36. Bg3 Re2 37. Bb7 Re3 38. Bh4 Re5 39. Bf3 Re7 40. Rf4 Re5
41. Rf6 Re7 42. Rf4 Re3 43. Rf6 Bf7 44. Bf2 Re8 45. Bg3 Be6 46. Bc6 Re7 47. Bb7 Bg8 48. Bh4= Re3 49. Bg2 Be6 50. Bc6 Bg8=
1/2-1/2

[Event "Stonehenge"]
[Site "SchemingMind.com"]
[Date "2022.12.23"]
[Round "-"]
[White "Matthew Bailey"]
[Black "Laci"]
[Result "1-0"]
[WhiteCountry "ENG"]
[BlackCountry "HUN"]
[WhiteElo "2607"]
[WhiteRD "75"]
[BlackElo "1856"]
[BlackRD "98"]
[GameID "729560"]

1. c4 e6 2. Nc3 Nf6 3. e4 d5 4. e5 d4 5. exf6 dxc3 6. bxc3 Qxf6 7. d4 e5 8. Nf3 exd4 9. Bg5 Qe6+ 10. Be2 Be7
11. cxd4 Bxg5 12. Nxg5 Qg6 13. f4 O-O 14. O-O Bf5 15. g4 Bc2 16. Qd2 h6 17. Nh3 Bf5 18. Nf2 Nd7 19. Kh1 Be4+ 20. Nxe4 Qxe4+
21. Bf3 Qe6 22. Rac1 Rad8 23. g5
1-0

[Event "Stonehenge"]
[Site "SchemingMind.com"]
[Date "2022.12.22"]
[Round "-"]
[White "Laci"]
[Black "Matthew Bailey"]
[Result "0-1"]
[WhiteCountry "HUN"]
[BlackCountry "ENG"]
[WhiteElo "1856"]
[WhiteRD "98"]
[BlackElo "2607"]
[BlackRD "75"]
[GameID "729561"]

1. e4 e5 2. Nf3 Nc6 3. Bb5 a6 4. Bxc6 dxc6 5. d4 exd4 6. Qxd4 Qxd4 7. Nxd4 Bd7 8. Nc3 O-O-O 9. Be3 Ne7 10. f3 Ng6
11. h4 Ne5 12. O-O-O h5 13. Nde2 b6 14. b3 Kb7 15. a4 Bd6 16. Nf4 f6 17. a5 b5 18. Kb2= Bc8 19. Nce2 Rde8 20. Kb1 g6
21. Nd3 f5 22. Nxe5 Bxe5 23. f4 Bd6 24. e5 Bb4
0-1

[Event "Stonehenge"]
[Site "SchemingMind.com"]
[Date "2022.12.23"]
[Round "-"]
[White "Arnold Jones"]
[Black "Laci"]
[Result "0-1"]
[WhiteCountry "ENG"]
[BlackCountry "HUN"]
[WhiteElo "1540"]
[WhiteRD "63"]
[BlackElo "1808"]
[BlackRD "155"]
[GameID "729562"]

1. g3 Nf6 2. Bg2 d5 3. d4 c6 4. Nc3 Bf5 5. Bf4 Nbd7 6. f3 e5 7. e4 exf4 8. exf5 Nb6 9. Qe2+ Be7 10. gxf4 O-O
11. O-O-O Nc4 12. h4 Re8 13. Qf2 Qb6 14. b3 Qa5 15. Nge2 Qa3+
0-1